000 00793nam a2200229 i 4500
001 60026
003 ES-MaACL
005 20230906164137.0
007 t|
008 031103s1983 sp ||||1| spa d
100 1 _aEspagnat, Bernard d'.
_947746
245 1 0 _aEn busca de lo real
_b: la vida de un físico /
_cBernard d'Espagnat ; versión de Tomás R. Fernández Rodríguez, Miguel Ferrero Melgar y José A. López Brugos.
260 _a[Madrid] :
_bAlianza,
_c[1983]
300 _a232 p. ;
_c20 cm.
490 1 _aAlianza universidad
700 1 _aFernández, Tomás-Ramón.
_949432
700 1 _aFerrero Melgar, Tomás R.
_950557
700 1 _aLópez Brugos, José A.
_973468
830 0 _aAlianza universidad
_9177276
852 _aES-MaACL
_jL-5301
_bR.105860
999 _c60026
_d60026